| 000 | 00587pam a2200229 a 4500 | ||
|---|---|---|---|
| 001 | 951495 | ||
| 005 | 20180220041348.0 | ||
| 008 | 840515s1985 flua b 001 0 eng | ||
| 010 | _a 84011425 | ||
| 020 | _a0849356563 | ||
| 040 |
_aDLC _cDLC _dDLC |
||
| 041 | _aeng | ||
| 060 | _aWC 368 C645 | ||
| 080 | _a616.33 mar | ||
| 082 | 0 | 0 |
_a616.33 mar _219 |
| 100 | _a8 | ||
| 101 | _ashm | ||
| 245 | 0 | 0 |
_a gastrointestinal disease / _cmarvin..h .sleisenger |
| 504 | _aIncludes bibliographies and index. | ||
| 906 |
_a7 _bcbc _corignew _d1 _eocip _f19 _gy-gencatlg |
||
| 942 |
_2ddc _cBK |
||
| 999 |
_c42890 _d42890 |
||